Georges Rouault (Registro nro. 85025)

Detalles MARC
000 -ENCABEZADO
Número de control [NR] 01027nam a22003017a 4500
008 - DE LONGITUD FIJA DE DATOS DE ELEMENTOS - INFORMACIÓN GENERAL
Elementos de longitud fija [NR] 130821s1965 it gr dita
040 ## - FUENTE DE CATALOGACION [NR]
Agencia de catalogación original [NR] Co-BoUCM
Idioma de catalogación [NR] spa
041 00 - CODIGO DE IDIOMA [R]
Código de idioma para texto/pista de sonido o título separado [R] Italiano
092 ## - SIGNATURA TOPOGRAFICA LOCAL
Número de clasificación local FM 000219
100 ## - ASIENTO PRINCIPAL--NOMBRE PERSONAL [NR]
Nombre personal [NR] Crispolti, Enrico
ID Autoridad 124057
245 00 - MENCION DE TITULO [NR]
Título [NR] Georges Rouault
Mención de responsabilidad, etc. [NR] Enrico Crispolti
260 ## - PUBLICACION, DISTRIBUCION, ETC. (PIE DE IMPRENTA) [R]
Lugar de publicación, distribución, etc. [R] Milán (Italia)
Nombre del editor, distribuidor, etc. [R] Fratelli Fabri Editori
Fecha de publicación, distribución, etc. [R] 1965
300 ## - DESCRIPCION FISICA [R]
Extensión [R] 24 páginas
490 ## - MENCION DE SERIE [R]
Mención de serie [R] I Maestri del Colore; 112
500 ## - NOTA GENERAL [R]
Nota general [NR] Incluye índice. -- Este libro se encuentra en el depósito de la biblioteca
600 ## - ASIENTO SECUNDARIO DE MATERIA - NOMBRE PERSONAL [R]
Nombre personal [NR] Rouault, Georges
Fechas asociadas con el nombre [NR] 1871-1958
9 (RLIN) 124058
600 ## - ASIENTO SECUNDARIO DE MATERIA - NOMBRE PERSONAL [R]
Nombre personal [NR] Rouault, Georges
Fechas asociadas con el nombre [NR] 1871-1958
Subdivisión de forma [R] Biografías
9 (RLIN) 124059
600 ## - ASIENTO SECUNDARIO DE MATERIA - NOMBRE PERSONAL [R]
Nombre personal [NR] Rouault, Georges
Fechas asociadas con el nombre [NR] 1871-1958
Subdivisión general [R] Trabajos pictóricos
9 (RLIN) 124060
650 04 - ASIENTO SECUNDARIO DE MATERIA - TERMINO TEMATICO [R]
Término temático o nombre geográfico como elemento de entrada [NR] Arte moderno
9 (RLIN) 9500
650 04 - ASIENTO SECUNDARIO DE MATERIA - TERMINO TEMATICO [R]
Término temático o nombre geográfico como elemento de entrada [NR] Biografías
9 (RLIN) 7343
650 04 - ASIENTO SECUNDARIO DE MATERIA - TERMINO TEMATICO [R]
Término temático o nombre geográfico como elemento de entrada [NR] Expresionismo (Arte)
9 (RLIN) 15472
650 04 - ASIENTO SECUNDARIO DE MATERIA - TERMINO TEMATICO [R]
Término temático o nombre geográfico como elemento de entrada [NR] Fauvismo
9 (RLIN) 15610
650 04 - ASIENTO SECUNDARIO DE MATERIA - TERMINO TEMATICO [R]
Término temático o nombre geográfico como elemento de entrada [NR] Pintores franceses
9 (RLIN) 21513
650 04 - ASIENTO SECUNDARIO DE MATERIA - TERMINO TEMATICO [R]
Término temático o nombre geográfico como elemento de entrada [NR] Pintura francesa
9 (RLIN) 21547
650 04 - ASIENTO SECUNDARIO DE MATERIA - TERMINO TEMATICO [R]
Término temático o nombre geográfico como elemento de entrada [NR] Pintura religiosa
9 (RLIN) 21565
650 04 - ASIENTO SECUNDARIO DE MATERIA - TERMINO TEMATICO [R]
Término temático o nombre geográfico como elemento de entrada [NR] Pinturas
9 (RLIN) 21575
942 ## - ELEMENTOS DE ENTRADA AGREGADOS (KOHA)
Tipo de ítem principal el descrito en 300a Libro
Tema principal [No clasificado]
Edición 1
Título oculto en OPAC No
Existencias
Total préstamos Signatura topográfica Código de barras Última vez visto Ejemplar Price effective from Tipo de ítem Nota pública (OPAC) Perdido Sistema de clasificación Dañado No prestable Tipo de ítem específico Suprimido Ubicación habitual Ubicación actual Localización Fecha de creación Forma de adquisición Costo
  FM 000219 120054476 04/12/2025 Ej.1 03/02/2013 Libro Galería de donantes   LOCAL     Libro   Claustro Claustro 3er piso 28/02/2003 Donación 10000.00